000 00513nam a2200181Ia 4500
005 20250508151115.0
008 008 250505s9999 xx 000 0 eng d
037 _aTextual
040 _aFEDL
_beng
_cFEDL
041 _aeng
_2eng
084 _a309.230954, IND
_qFEDL
245 0 _aDevelopment schemes in the first five year plan
245 0 _cGovernment of India Planning Commission
260 _c1952
300 _a165p.
942 _cTEXL
_h309.230954, IND
999 _c1327616
_d1327616